I spy little numbers / (Record no. 3916)

MARC details
000 -LEADER
fixed length control field 01007cam a2200313 a 4500
005 - DATE AND TIME OF LATEST TRANSACTION
control field 20240523135722.0
020 ## - INTERNATIONAL STANDARD BOOK NUMBER
International Standard Book Number 059068714X
040 ## - CATALOGING SOURCE
Original cataloging agency DLC
Transcribing agency DLC
Modifying agency DLC
Language of cataloging eng
050 00 - LIBRARY OF CONGRESS CALL NUMBER
Classification number QA113.M366
Item number 1999
082 00 - DEWEY DECIMAL CLASSIFICATION NUMBER
Classification number 513.211
100 1# - MAIN ENTRY--PERSONAL NAME
Personal name Marzollo, Jean
245 10 - TITLE STATEMENT
Title I spy little numbers /
Statement of responsibility, etc. rhymes by Jean Marzollo ; photographs by Walter Wick
246 30 - VARYING FORM OF TITLE
Title proper/short title I spy
250 ## - EDITION STATEMENT
Edition statement First printing , April 1999
260 ## - PUBLICATION, DISTRIBUTION, ETC.
Place of publication, distribution, etc. New York :
Name of publisher, distributor, etc. Scholastic Inc.,
Date of publication, distribution, etc. 1999
300 ## - PHYSICAL DESCRIPTION
Extent 23 unnumbered pages :
Other physical details color illustrations ;
Dimensions 13 cm.
490 ## - SERIES STATEMENT
Series statement I Spy
505 ## - FORMATTED CONTENTS NOTE
Formatted contents note C <br/>
520 ## - SUMMARY, ETC.
Summary, etc. Rhyming text invites the reader to find hidden objects representing the numbers from one to ten.
521 ## - TARGET AUDIENCE NOTE
Target audience note 140 <br/><br/>
Source Lexile estimate <br/>
521 ## - TARGET AUDIENCE NOTE
Target audience note C <br/>
Source Raz-Plus <br/>
650 #0 - SUBJECT ADDED ENTRY--TOPICAL TERM
Topical term or geographic name entry element Counting
General subdivision Juvenile literature.
650 #1 - SUBJECT ADDED ENTRY--TOPICAL TERM
Topical term or geographic name entry element Counting.
650 #1 - SUBJECT ADDED ENTRY--TOPICAL TERM
Topical term or geographic name entry element Picture puzzles.
700 1# - ADDED ENTRY--PERSONAL NAME
Personal name Wick, Walter
Dates associated with a name 1953-
Relator term illustrator
906 ## - LOCAL DATA ELEMENT F, LDF (RLIN)
a 7
b cbc
c orignew
d 1
e ocip
f 19
g y-gencatlg
942 ## - ADDED ENTRY ELEMENTS (KOHA)
Source of classification or shelving scheme Dewey Decimal Classification
Koha item type Books
Suppress in OPAC No
999 ## -
-- 3916
-- 3916
Holdings
Withdrawn status Lost status Source of classification or shelving scheme Damaged status Not for loan Collection Home library Current library Shelving location Date acquired Total Checkouts Full call number Barcode Date last seen Date last checked out Price effective from Koha item type
    Dewey Decimal Classification     Juvenile Fiction Footprints International School Library Network Toul Kork Campus Footprints International School Library Network Toul Kork Campus   05/23/2024 1 MAR 513.211 QA113.M366 FISBK07002 09/15/2025 09/04/2025 05/23/2024 Books